000 00301nam a22001337a 4500
008 181016b xxu||||| |||| 00| 0 eng d
020 _a9780071701068
041 _aeng
080 _a618
100 _a10
101 _aGYN
245 _aManual Of Medical Oncology
_cAnderson.M.D
942 _2udc
_cBK
999 _c49872
_d49872